[Event "Elitzur Int Online"]
[Site "Chess.com INT"]
[Date "2020.11.01"]
[Round "3"]
[White "Mischuk, Dmitry"]
[Black "Frenkel, Ran"]
[Result "1-0"]
[WhiteElo "2364"]
[BlackElo "2237"]
[PlyCount "51"]
[EventDate "2020.11.01"]
[EventType "swiss (blitz)"]
[EventRounds "11"]
[EventCountry "ISR"]
[SourceTitle "CBM 199 Extra"]
[Source "ChessBase"]
[SourceDate "2021.01.31"]
[SourceVersion "1"]
[SourceVersionDate "2021.01.31"]
[SourceQuality "1"]

1. e4 e5 2. Nf3 Nc6 3. Nc3 Nf6 4. a3 d5 5. exd5 Nxd5 6. Nxe5 Nxe5 7. Qe2 f6 8. d4 Nxc3 9. bxc3 Bd6 10. dxe5 fxe5 11. Qh5+ g6 12. Qh6 Qf6 13. Bc4 Be6 14. Bg5 Qf7 15. Bxe6 Qxe6 16. 0-0 Kf7 17. f4 e4 18. f5 gxf5 19. Qh3 Kg6 20. Qh6+ Kf7 21. Qh5+ Kg7 22. Be3 Be5 23. Rxf5 Bxc3 24. Raf1 Rhe8 25. Rf7+ Kh8 26. Qxh7# 1-0

[Event "EU-ch Online U2300 Qual"]
[Site "Chess.com INT"]
[Date "2020.05.25"]
[Round "3"]
[White "Bogumil, Tatiana"]
[Black "Frenkel, Ran"]
[Result "1-0"]
[WhiteElo "2182"]
[BlackElo "2245"]
[PlyCount "75"]
[EventDate "2020.05.25"]
[EventType "swiss"]
[EventRounds "8"]
[EventCountry "NET"]
[SourceTitle "EXT 2021"]
[Source "ChessBase"]
[SourceDate "2020.10.23"]
[SourceVersion "1"]
[SourceVersionDate "2020.10.23"]
[SourceQuality "1"]

1. Nf3 Nf6 2. c4 g6 3. b3 Bg7 4. Bb2 0-0 5. g3 c6 6. Bg2 d5 7. 0-0 a5 8. Nc3 Bf5 9. d3 Nbd7 10. Nh4 Be6 11. Qc2 Rc8 12. e4 dxe4 13. dxe4 b5 14. cxb5 cxb5 15. Qe2 b4 16. Na4 Qc7 17. Rac1 Qb8 18. h3 Nh5 19. Bxg7 Kxg7 20. Nf5+ Bxf5 21. exf5 Qe5 22. Qxe5+ Nxe5 23. Bb7 Rb8 24. Rc7 Kf6 25. f4 Nd3 26. Rf3 Rfd8 27. Re3 e6 28. fxe6 fxe6 29. Be4 Ndxf4 30. gxf4 Nxf4 31. Rxh7 Rd1+ 32. Kf2 Rd2+ 33. Kg3 e5 34. Nc5 Rbd8 35. Bc6 g5 36. Ne4+ Kg6 37. Nxd2 Kxh7 38. Nf3 1-0

[Event "EU-ch Online U2300 Qual"]
[Site "Chess.com INT"]
[Date "2020.05.25"]
[Round "7"]
[White "Frenkel, Ran"]
[Black "Kniazev, Alexander V"]
[Result "0-1"]
[WhiteElo "2245"]
[BlackElo "2236"]
[PlyCount "92"]
[EventDate "2020.05.25"]
[EventType "swiss"]
[EventRounds "8"]
[EventCountry "NET"]
[SourceTitle "EXT 2021"]
[Source "ChessBase"]
[SourceDate "2020.10.23"]
[SourceVersion "1"]
[SourceVersionDate "2020.10.23"]
[SourceQuality "1"]

1. d4 Nf6 2. Bg5 Ne4 3. Bf4 d5 4. f3 Nf6 5. Nc3 e6 6. a3 c5 7. Nb5 Na6 8. e3 Be7 9. c3 0-0 10. a4 Bd7 11. Bd3 Qb6 12. Ne2 c4 13. Bc2 Bxb5 14. axb5 Qxb5 15. Qd2 Rfc8 16. 0-0 Nc7 17. e4 Nce8 18. e5 Nh5 19. Be3 g6 20. g4 Nhg7 21. f4 f5 22. h3 Qd7 23. Kh2 a5 24. Rg1 b5 25. Ng3 b4 26. Ba4 Qd8 27. Qg2 Bh4 28. gxf5 Bxg3+ 29. Qxg3 Nxf5 30. Qf3 Neg7 31. Bf2 Kf7 32. Rg4 bxc3 33. bxc3 Rab8 34. Rag1 Rb2 35. R1g2 Ra2 36. Bd1 Rb8 37. Be1 Rbb2 38. Rxb2 Rxb2+ 39. Rg2 Qb6 40. h4 Nh5 41. Bf2 Rd2 42. Be1 Rxg2+ 43. Kxg2 Qb2+ 44. Kh3 Qc1 45. Bf2 Nxf4+ 46. Kg4 h5+ 0-1

[Event "ISR-ch"]
[Site "Maalot Tarshiha"]
[Date "2018.12.16"]
[Round "5"]
[White "Bronstein, Or"]
[Black "Frenkel, Ran"]
[Result "1-0"]
[WhiteElo "2359"]
[BlackElo "2252"]
[PlyCount "81"]
[EventDate "2018.12.12"]
[EventType "swiss"]
[EventRounds "9"]
[EventCountry "ISR"]
[SourceTitle "CBM 187 Extra"]
[Source "ChessBase"]
[SourceDate "2018.11.04"]
[SourceVersion "1"]
[SourceVersionDate "2018.11.04"]
[SourceQuality "1"]

1. d4 Nf6 2. c4 g6 3. Nc3 Bg7 4. e4 d6 5. Be2 0-0 6. Be3 e5 7. d5 Na6 8. g4 Nc5 9. f3 a5 10. h4 h5 11. g5 Nfd7 12. Nh3 Nb6 13. b3 Bd7 14. Nf2 c6 15. Qd2 Qc7 16. Rc1 Rad8 17. Nd3 Nxd3+ 18. Bxd3 c5 19. Bf1 Ra8 20. Rb1 Kh7 21. Qg2 Rfc8 22. Qh2 Rab8 23. Bh3 Bxh3 24. Qxh3 Ra8 25. Nb5 Qe7 26. 0-0 Nd7 27. Rf2 Rf8 28. Rbf1 Kg8 29. Bd2 b6 30. Bc3 Rae8 31. a3 Nb8 32. f4 exf4 33. Bxg7 Kxg7 34. Rxf4 Kg8 35. Rf6 Qxe4 36. Qg2 Qd3 37. Nxd6 Re2 38. R1f2 Re1+ 39. Kh2 Re7 40. Qf3 Re3 41. Qf4 1-0

[Event "ISR-ch"]
[Site "Maalot Tarshiha"]
[Date "2018.12.15"]
[Round "4"]
[White "Frenkel, Ran"]
[Black "Baron, Tal"]
[Result "0-1"]
[WhiteElo "2252"]
[BlackElo "2532"]
[PlyCount "52"]
[EventDate "2018.12.12"]
[EventType "swiss"]
[EventRounds "9"]
[EventCountry "ISR"]
[SourceTitle "CBM 187 Extra"]
[Source "ChessBase"]
[SourceDate "2018.11.04"]
[SourceVersion "1"]
[SourceVersionDate "2018.11.04"]
[SourceQuality "1"]

1. d4 Nf6 2. Nf3 d5 3. c4 e6 4. Nc3 dxc4 5. e3 a6 6. a4 b6 7. Bxc4 Bb7 8. 0-0 Bb4 9. Qe2 0-0 10. Rd1 Qe7 11. Ne5 Rd8 12. Bd2 c5 13. Be1 Nbd7 14. f4 Ne8 15. Qg4 Ndf6 16. Qh3 cxd4 17. exd4 Nd6 18. Bd3 Bxc3 19. bxc3 Rdc8 20. Bh4 Be4 21. Ng4 Rxc3 22. Bxf6 gxf6 23. Qh4 Rxd3 24. Nxf6+ Kh8 25. Rxd3 Bxd3 26. Ra3 Ne8 0-1

[Event "ISR-ch"]
[Site "Beersheba"]
[Date "2014.06.22"]
[Round "5"]
[White "Frenkel, Ran"]
[Black "Birnboim, Nathan"]
[Result "1/2-1/2"]
[WhiteElo "2174"]
[BlackElo "2333"]
[PlyCount "131"]
[EventDate "2014.06.17"]
[EventType "swiss"]
[EventRounds "9"]
[EventCountry "ISR"]
[SourceTitle "CBM 161 Extra"]
[Source "ChessBase"]
[SourceDate "2014.08.29"]
[SourceVersion "1"]
[SourceVersionDate "2014.08.29"]
[SourceQuality "1"]

1. d4 Nf6 2. c4 c5 3. d5 e5 4. Nc3 d6 5. e4 Be7 6. g3 0-0 7. Bg2 Ne8 8. Nge2 g6 9. Bh6 Ng7 10. Qd2 f5 11. 0-0 Nd7 12. f4 Bf6 13. Rac1 Re8 14. Kh1 a6 15. a4 Rb8 16. Rce1 Qb6 17. Qd3 exf4 18. gxf4 Nf8 19. a5 Qxa5 20. Ng3 Bxc3 21. bxc3 fxe4 22. Nxe4 Bf5 23. Qg3 Nh5 24. Qf3 Qc7 25. Bh3 Bxe4 26. Rxe4 Rxe4 27. Qxe4 Nf6 28. Qg2 Kf7 29. f5 g5 30. Qxg5 Qe7 31. Qg7+ Ke8 32. Qxe7+ Kxe7 33. Re1+ Kf7 34. Rg1 N8d7 35. Rg7+ Ke8 36. Bf4 Kf8 37. Bh6 Ke8 38. Bf4 Nh5 39. Rg8+ Ke7 40. f6+ Nhxf6 41. Rg7+ Kf8 42. Rxd7 Nxd7 43. Bxd7 Ke7 44. Ba4 b5 45. cxb5 axb5 46. Bc2 b4 47. cxb4 Rxb4 48. Bg5+ Kf7 49. Bxh7 Rd4 50. Bc2 c4 51. h4 Rxd5 52. Kg2 Ra5 53. Kf3 Ra2 54. Be4 Ke6 55. Ke3 d5 56. Bh7 Rh2 57. Kd4 Rh1 58. Bg8+ Kf5 59. Bxd5 Rh2 60. Bxc4 Kg4 61. Be6+ Kh5 62. Ke5 Re2+ 63. Kf6 Rf2+ 64. Kg7 Rh2 65. Bf7+ Kg4 66. Be6+ 1/2-1/2

[Event "ISR-ch"]
[Site "Beersheba"]
[Date "2014.06.20"]
[Round "4"]
[White "Poleg, Matan"]
[Black "Frenkel, Ran"]
[Result "1/2-1/2"]
[WhiteElo "2125"]
[BlackElo "2174"]
[PlyCount "168"]
[EventDate "2014.06.17"]
[EventType "swiss"]
[EventRounds "9"]
[EventCountry "ISR"]
[SourceTitle "CBM 161 Extra"]
[Source "ChessBase"]
[SourceDate "2014.08.29"]
[SourceVersion "1"]
[SourceVersionDate "2014.08.29"]
[SourceQuality "1"]

1. d4 Nf6 2. c4 g6 3. Nc3 Bg7 4. e4 d6 5. Nf3 0-0 6. Be2 e5 7. 0-0 Nc6 8. d5 Ne7 9. Ne1 Nd7 10. Nd3 f5 11. exf5 gxf5 12. f4 Ng6 13. fxe5 Ndxe5 14. Nf4 Nxf4 15. Bxf4 a6 16. Qd2 Qf6 17. Bg5 Qg6 18. Rac1 Bd7 19. b4 f4 20. Rxf4 Rxf4 21. Bxf4 Bh3 22. g3 Rf8 23. Qe3 Rxf4 24. Qxf4 Bh6 25. Qh4 Be3+ 26. Kh1 Bxc1 27. Qxh3 Qc2 28. Qe6+ Kg7 29. Qe7+ Kh6 30. Qf6+ Ng6 31. h4 Qd2 32. Qg5+ Qxg5 33. hxg5+ Kxg5 34. c5 Kf5 35. c6 bxc6 36. dxc6 Ne5 37. Bxa6 Nxc6 38. b5 Nb4 39. a4 Bd2 40. Ne2 Ke5 41. Bb7 Nd3 42. Ng1 Bc3 43. Nf3+ Kf5 44. Bc8+ Kf6 45. g4 Nc5 46. Bf5 h5 47. Nh2 hxg4 48. Bc2 Kg5 49. Bd1 g3 50. Nf1 Kf4 51. Kg2 Ke4 52. Bc2+ Kd4 53. Nxg3 Ba5 54. Kf3 Kc3 55. Bg6 Nxa4 56. Ke4 Kc4 57. Bf7+ Kc5 58. Ne2 Kxb5 59. Be8+ Kb4 60. Kd5 Nb6+ 61. Kc6 Nc4 62. Nd4 Ne5+ 63. Kd5 Ng4 64. Bf7 Bb6 65. Nf5 Bc5 66. Ne7 Kb5 67. Be8+ Kb6 68. Ba4 Ne3+ 69. Ke6 Nc4 70. Be8 Ne5 71. Kd5 Nd3 72. Ba4 Nb4+ 73. Ke6 Nd3 74. Kd5 Nf4+ 75. Ke4 Ne2 76. Be8 Nc3+ 77. Kd3 d5 78. Nc8+ Kb7 79. Kxc3 Kxc8 80. Bc6 d4+ 81. Kd3 Kd8 82. Bd5 Ke7 83. Ba2 Kd6 84. Bg8 Ke5 1/2-1/2